El mundo griego
保存先:
| 第一著者: | |
|---|---|
| フォーマット: | 図書 |
| 言語: | スペイン語 |
| 出版事項: |
Barcelona
Garriga
1966
|
| シリーズ: | Arquitectura universal
|
| 主題: | |
| タグ: |
タグ追加
タグなし, このレコードへの初めてのタグを付けませんか!
|
MARC
| LEADER | 00000nam a2200000 a 4500 | ||
|---|---|---|---|
| 001 | UCY4911 | ||
| 003 | CL-VaPUC | ||
| 008 | 950405e19660000SP |||||||||||||||||spa|d | ||
| 082 | 0 | 4 | |a 722.8 |b MAR |2 21 |
| 100 | |a Martin, Roland E. |e autor |9 333435 | ||
| 245 | 1 | 3 | |a El mundo griego |
| 300 | |a 192 p | ||
| 942 | |c BK | ||
| 945 | |d 19950405 00:00:00 |a oaravena | ||
| 260 | |a Barcelona |b Garriga |c 1966 | ||
| 650 | 0 | |a Arquitectura griega |9 314421 | |
| 583 | |a last modification |c 19950405 00:00:00 |k Rodrigo Vera | ||
| 490 | 0 | |a Arquitectura universal | |
| 999 | |c 232660 |d 232658 | ||
| 952 | |0 0 |1 0 |4 0 |6 722_800000000000000_MAR_1966 |7 0 |8 R |9 237463 |a BIBARQ |b BIBARQ |d 2019-11-15 |i 3074021 |l 2 |o 722.8 MAR 1966 |p 3074021 |r 2025-01-20 |s 2023-06-13 |w 2019-11-15 |y BK_R |k ARQ | ||